| 000 | 00806nam a2200229 a 4500 | ||
|---|---|---|---|
| 999 |
_c12657 _d12657 |
||
| 001 | 12657 | ||
| 003 | BD-JhCC | ||
| 005 | 20221029125626.0 | ||
| 008 | 221029s2022 bg |||| |||| 000 0 ban d | ||
| 020 | _a9789849609346 | ||
| 035 | _a(BD-JhCC)12657 | ||
| 040 |
_aBD-JhCC _dBD-JhCC |
||
| 041 | _aBangla | ||
| 082 |
_a297 _bKHA 2022 |
||
| 100 | _aখান, আবু সাঈদ | ||
| 245 |
_aপ্রচলিত ও প্রকৃত ইসলাম একটি পর্যালোচনা / _cআবু সাঈদ খান |
||
| 260 |
_aঢাকা : _b দিব্য প্রকাশ, _c২০২২ |
||
| 300 |
_a৫১২ পৃ. : _c২১ সেমি. |
||
| 504 | _aগ্রন্থপঞ্জি অর্ন্তভূক্ত। | ||
| 650 | _aIslam | ||
| 942 |
_2ddc _cBK |
||